000 00480nam a2200145Ia 4500
008 100204s9999 xx 000 0 und d
082 _b8092
100 _aमोहाडीकर लिना
245 _aकामसुखाचा क्षण
260 _b"अंजली प्रकाशन, पुणे"
_c1986
300 _a215
630 _aकामसुखाचा क्षण
730 _aकामसुखाचा क्षण
942 _cBOOK
999 _c452528
_d452525